| 000 | 004510000a22001210004500 | ||
|---|---|---|---|
| 001 | 14274 | ||
| 041 | 0 | _aSPA | |
| 082 | 0 | 4 | _aAV 0350 |
| 245 | 1 | 0 | _aHacia un nuevo amanecer : Estudio Socioreligioso del departamento de Sucre / Berna Salcedo, Editor |
| 300 | _a40 Pág. | ||
| 505 | 0 | 0 | _a- Introducción - La tarea de la iglesia en Sucre - Realidades de Sucre - El avance de la iglesia - Estado de la cosecha - Conclusiones: ¿Hacia dónde vamos? |
| 942 | _cBK | ||
| 999 |
_c43166 _d43166 |
||